000 00241nam a2200097Ia 4500
082 _aEF BYAT
245 0 _aA whistling woman
100 _a BYATT, A S. London, 2003
_969344
942 _cBK
008 210817s9999 xx 000 0 und d
999 _c224060
_d224061